000
00317nam a22001337a 4500
020
_a
978-0-19-806111-3
082
_a
338.5
100
_a
Damodaran, Suma
245
_a
Managerial Economics
250
_a
2nd
260
_a
New Delhi:
_b
Oxford University Press,
_c
2010
300
_a
xvi, 591p.: ill.; 24cm
942
_c
BK
999
_c
22175
_d
22175